| 000 | 01784nam a2200385 a 4500 | ||
|---|---|---|---|
| 001 | vtls003172424 | ||
| 003 | MY-SjTCS | ||
| 005 | 20200226112225.0 | ||
| 006 | m u | ||
| 007 | cr cn||||||||| | ||
| 008 | 100712s1995 enk sb 001 0 eng | ||
| 010 | _z 94-048667 | ||
| 020 | _z0415126916 | ||
| 035 | _a(CaPaEBR)ebr2003671 | ||
| 039 | 9 |
_y201007121425 _zVLOAD |
|
| 040 |
_aCaPaEBR _cCaPaEBR |
||
| 050 | 1 | 4 |
_aHF1009.7.A36 _bE96 1995eb |
| 082 | 0 | 4 |
_a382/.6/0967 _220 |
| 245 | 0 | 0 |
_aExporting Africa _h[electronic resource] : _btechnology, trade, and industrialization in Sub-Saharan Africa / _cedited by Samuel M. Wangwe. |
| 260 |
_aLondon ; _aNew York : _bRoutledge ; _a[Tokyo, Japan] : _bUnited Nations University ; _a[Maastricht, Netherlands] : _bINTECH, _c1995. |
||
| 300 |
_aix, 436 p. ; _c23 cm. |
||
| 490 | 1 |
_aUNU/INTECH studies in new technology and development, _x1359-7922 ; _v4 |
|
| 500 | _a"Published in association with the UNU Press." | ||
| 504 | _aIncludes bibliographical references and index. | ||
| 529 | _aTSLHHL | ||
| 533 |
_aElectronic reproduction. _bPalo Alto, Calif. : _cebrary, _d2009. _nAvailable via World Wide Web. _nAccess may be limited to ebrary affiliated libraries. |
||
| 650 | 0 |
_aExports _zAfrica, Sub-Saharan _vCase studies. |
|
| 650 | 0 |
_aBusiness enterprises _zAfrica, Sub-Saharan _vCase studies. |
|
| 650 | 0 |
_aCompetition, International _vCase studies. _912101 |
|
| 655 | 7 |
_aElectronic books. _2local |
|
| 700 | 1 | _aWangwe, S. M. | |
| 710 | 2 |
_aebrary, Inc. _925628 |
|
| 830 | 0 |
_aUNU/INTECH studies in new technology and development _x1359-7922 ; _v4. |
|
| 856 | 4 | 0 |
_uhttps://ezproxy.taylors.edu.my/login?url=http://site.ebrary.com/lib/taylorscollege/Doc?id=2003671 _zAn electronic book accessible through the World Wide Web; click to view |
| 999 | _c91669 | ||